000 01726 am a2200325 a 4500
005 20240701101028.0
008 100903s1995||||ag o f |||| 001 0 spa d
020 _a987995453X
041 _aspa
092 _c616.84
_l28
_sGAT
100 1 _aGatian de Clérambault, Gaëtan.
_91410
245 _aAutomatismo mental.
_bParanoia /
_cGaë̈tan Gatian de Clérambault.
250 _a1a ed. en español
_bTraducción Delia Esquibel ; Clara Maranzano. Selección de textos y presentación de Paul Bercherie. Edición, revisión técnica y anexos: Juan Carlos Stagnaro
260 _aBuenos Aires:
_bPolemos;
_c1995.
300 _a192 p.
_bIncluye fotografías
500 _aGatian de Clérambault, G. (1995). Automatismo mental. Paranoia. (1a ed.). Buenos Aires : Polemos.
590 _aColección Clásicos de la Psiquiatría, bajo la dirección de Juan Carlos Stagnaro.
653 _aCoexistencia de dos delirios: persecusión y erotomanía (1920)
653 _aDelirios pasionales: erotomanía, reivindicación, celos (1921)
653 _aErotomanía pura. Erotomanía asociada (1921)
653 _aCondiciones de aparición, desarrollo y duración de los estados pasionales (1923)
653 _aAutomatismo mental y escisión del yo (1920)
653 _aPsicosis alucinatorias crónicas (1923)
653 _aPsicosis alucinatorias crónicas. Análisis. Patogenia (1924)
653 _aFolie à deux (1924)
653 _aCuestión de los delirios colectivos estrechamente ligado a la de los mecanismos generadores de la psicosis (1924)
653 _aMecanismo automático radical de ciertos delirios interpretativos: la pseudo constatación espontánea incoercible (1933)
930 _a770
942 _2ddc
_cBK
999 _c688
_d688